Estudio de vialidad de la instalación de Centro CNC (Control Numérico Computarizado) en el laboratorio de máquinas herramienta, de la Facultad de Tecnología de la Industria

Presenta un estudio de viabilidad para la instalación de un Centro CNC (control numérico computarizado) en el laboratorio de Máquinas- Herramientas de la FTI. Se determinan los equipos que funcionarán en el Centro de CNC y se analiza la viabilidad técnica y económica del pequeño Centro CNC....

Full description

Bibliographic Details
Main Authors: Munguía Ruiz, Katherine Antonia, Mendoza Romero, Lidia Estela
Other Authors: Tutor: Urbina Espinoza, William Emigdio
Format: Tesis Section = Libro
Language:Undetermined
Spanish
Published: Managua UNI 2008
Subjects:
LEADER 01102nam a2200217Ia 4500
008 240830s9999 xx 000 0 und d
040 |a BIBLIOTECA-RUPAP Mon 621.9023 M966 
041 |a spa 
082 |a Mon 621.9023 M966 
100 1 |a Munguía Ruiz, Katherine Antonia 
100 1 |b Mendoza Romero, Lidia Estela 
245 1 0 |a Estudio de vialidad de la instalación de Centro CNC (Control Numérico Computarizado) en el laboratorio de máquinas herramienta, de la Facultad de Tecnología de la Industria 
260 |a Managua  |b UNI  |c 2008 
300 |a 107 p. :il. 
502 |a Tesis (Ingeniero Mecánico)- UNI, 2008. 
520 3 |a Presenta un estudio de viabilidad para la instalación de un Centro CNC (control numérico computarizado) en el laboratorio de Máquinas- Herramientas de la FTI. Se determinan los equipos que funcionarán en el Centro de CNC y se analiza la viabilidad técnica y económica del pequeño Centro CNC. 
650 7 |a MAQUINAS HERRAMIENTAS - CONTROL NUMÉRICO 
700 1 |a Tutor:  |b Urbina Espinoza, William Emigdio 
942 |c BK  |2 ddc 
991 |a TESIS 
999 |c 15830